[Event "CHN-ch sf (Women)"]
[Site "Hefei"]
[Date "2023.04.26"]
[Round "8"]
[White "Chen, Yining"]
[Black "Hong, Xing"]
[Result "1-0"]
[WhiteElo "1874"]
[BlackElo "1995"]
[PlyCount "107"]
[EventDate "2023.04.23"]
[EventType "swiss"]
[EventRounds "11"]
[EventCountry "CHN"]
[SourceTitle "CBM 214 Extra"]
[Source "ChessBase"]
[SourceDate "2023.07.31"]
[SourceVersion "1"]
[SourceVersionDate "2023.07.31"]
[SourceQuality "1"]

1. d4 Nf6 2. c4 e6 3. Nf3 c5 4. d5 b5 5. Bg5 exd5 6. cxd5 Qb6 7. Bxf6 Qxf6 8. Qc2 Na6 9. Nc3 b4 10. Ne4 Qg6 11. Ne5 Qh6 12. e3 Be7 13. d6 Bxd6 14. Ng4 Qe6 15. Nxd6+ Qxd6 16. Qe4+ Qe6 17. Qxa8 0-0 18. h3 h5 19. Nh2 b3 20. Bd3 c4 21. Be2 Qb6 22. Qe4 Qa5+ 23. Kf1 Qxa2 24. Qb1 Qxb1+ 25. Rxb1 d5 26. g4 Nc5 27. Kg2 a5 28. Rhd1 Bb7 29. Nf3 a4 30. Nd4 Rc8 31. Kf1 Rc7 32. Nb5 Rd7 33. Nc3 h4 34. f4 Bc6 35. Ra1 Kf8 36. g5 Ke7 37. Rd2 Rb7 38. Nxd5+ Bxd5 39. Rxd5 c3 40. Rxc5 cxb2 41. Rb1 a3 42. Ra5 Rc7 43. Rxa3 Rc1+ 44. Kf2 Rxb1 45. Rxb3 f6 46. gxf6+ gxf6 47. e4 Kd6 48. Ke3 Kc5 49. Rb5+ Kc6 50. Kd2 Rh1 51. Rxb2 Rxh3 52. Rb8 f5 53. exf5 Kd5 54. f6 1-0

[Event "CHN-ch sf (Women)"]
[Site "Hefei"]
[Date "2023.04.23"]
[Round "2"]
[White "Chen, Yining"]
[Black "Ding, Shirui"]
[Result "1/2-1/2"]
[WhiteElo "1874"]
[BlackElo "1491"]
[PlyCount "66"]
[EventDate "2023.04.23"]
[EventType "swiss"]
[EventRounds "11"]
[EventCountry "CHN"]
[SourceTitle "CBM 214 Extra"]
[Source "ChessBase"]
[SourceDate "2023.07.31"]
[SourceVersion "1"]
[SourceVersionDate "2023.07.31"]
[SourceQuality "1"]

1. d4 Nf6 2. c4 g6 3. Nc3 d5 4. cxd5 Nxd5 5. e4 Nxc3 6. bxc3 Bg7 7. Be3 c5 8. Qd2 cxd4 9. cxd4 Nc6 10. Rd1 0-0 11. Nf3 Qa5 12. Qxa5 Nxa5 13. Bd2 b6 14. d5 e6 15. Bb4 Rd8 16. Bb5 Bf8 17. Bxf8 Kxf8 18. d6 Bb7 19. e5 Bd5 20. Ba6 Bxa2 21. Rc1 Nb3 22. Rc2 Bb1 23. Rb2 Nc5 24. Rxb1 Nxa6 25. Ke2 Nc5 26. Nd4 Nd7 27. f4 Rdc8 28. Rhc1 Rc5 29. Nb5 Kg7 30. Nc7 Rc8 31. Kd3 g5 32. g3 Kg6 33. Rxc5 Nxc5+ 1/2-1/2

[Event "China zt 3.5 (Women)"]
[Site "Shenzhen"]
[Date "2023.04.13"]
[Round "9"]
[White "Du, Yuxin"]
[Black "Chen, Yining"]
[Result "1/2-1/2"]
[WhiteElo "1957"]
[BlackElo "1874"]
[PlyCount "111"]
[EventDate "2023.04.05"]
[EventType "swiss"]
[EventRounds "9"]
[EventCountry "CHN"]
[SourceTitle "CBM 213 Extra"]
[Source "ChessBase"]
[SourceDate "2023.05.31"]
[SourceVersion "1"]
[SourceVersionDate "2023.05.31"]
[SourceQuality "1"]

1. e4 e5 2. Nf3 Nc6 3. Bb5 Nf6 4. d3 d6 5. a4 Bd7 6. Nc3 g6 7. Bg5 h6 8. Bd2 Bg7 9. Qc1 a6 10. Bc4 Bg4 11. Ng1 Nd4 12. h3 Bd7 13. a5 Nh5 14. Nge2 Nxe2 15. Nxe2 g5 16. Qd1 Nf4 17. Nxf4 exf4 18. Qh5 Qe7 19. h4 Be6 20. Bxe6 Qxe6 21. hxg5 0-0-0 22. 0-0-0 Qa2 23. Bc3 Bxc3 24. bxc3 Qxa5 25. gxh6 Qxc3 26. Qf5+ Kb8 27. Qxf4 d5 28. exd5 Rxd5 29. Qc4 Qa3+ 30. Kd2 Qd6 31. h7 Rf5 32. f3 Qg6 33. Qg4 Rg5 34. Qd4 Rxg2+ 35. Kc1 Rxh7 36. Qd8+ Ka7 37. Rxh7 Qxh7 38. Qxc7 Qf5 39. Re1 Qd5 40. Qc3 Rg6 41. Re4 Qg5+ 42. f4 Qg1+ 43. Re1 Qf2 44. Qd2 Rg2 45. Qxf2+ Rxf2 46. Re4 Kb6 47. Kb2 Kc6 48. Kb3 b5 49. c4 Rf3 50. Kc3 bxc4 51. Rxc4+ Kb5 52. Re4 f6 53. Rb4+ Kc5 54. Rc4+ Kb5 55. Rb4+ Kc5 56. Rc4+ 1/2-1/2

[Event "China zt 3.5 (Women)"]
[Site "Shenzhen"]
[Date "2023.04.12"]
[Round "8"]
[White "Chen, Yining"]
[Black "Ren, Xiaoyi"]
[Result "1-0"]
[WhiteElo "1874"]
[BlackElo "2156"]
[PlyCount "70"]
[EventDate "2023.04.05"]
[EventType "swiss"]
[EventRounds "9"]
[EventCountry "CHN"]
[SourceTitle "CBM 213 Extra"]
[Source "ChessBase"]
[SourceDate "2023.05.31"]
[SourceVersion "1"]
[SourceVersionDate "2023.05.31"]
[SourceQuality "1"]

1. d4 d5 2. c4 c6 3. Nf3 Nf6 4. Nc3 e6 5. e3 Bd6 6. Qc2 Nbd7 7. Bd3 0-0 8. 0-0 Qe7 9. e4 dxe4 10. Nxe4 Nxe4 11. Bxe4 h6 12. Re1 Nf6 13. b3 Rd8 14. Bb2 Ba3 15. Bxa3 Qxa3 16. c5 Qa5 17. Rad1 Bd7 18. Ne5 Qc7 19. g3 b5 20. cxb6 axb6 21. Rd2 Nxe4 22. Qxe4 Ra3 23. Rc1 Qa7 24. Nxd7 Rxd7 25. Rxc6 Rd8 26. Qc2 b5 27. Rc8 Rxc8 28. Qxc8+ Kh7 29. Qc2+ g6 30. h4 h5 31. d5 exd5 32. Rxd5 Rxa2 33. Rxh5+ Kg7 34. Qc3+ f6 35. Re5 Qa5 1-0

[Event "China zt 3.5 (Women)"]
[Site "Shenzhen"]
[Date "2023.04.11"]
[Round "7"]
[White "Lu, Miaoyi"]
[Black "Chen, Yining"]
[Result "1-0"]
[WhiteElo "2305"]
[BlackElo "1874"]
[PlyCount "63"]
[EventDate "2023.04.05"]
[EventType "swiss"]
[EventRounds "9"]
[EventCountry "CHN"]
[SourceTitle "CBM 213 Extra"]
[Source "ChessBase"]
[SourceDate "2023.05.31"]
[SourceVersion "1"]
[SourceVersionDate "2023.05.31"]
[SourceQuality "1"]

1. e4 e5 2. Nf3 Nc6 3. Bc4 Bc5 4. 0-0 Nf6 5. d4 Bxd4 6. Nxd4 Nxd4 7. Bg5 d6 8. f4 Ne6 9. fxe5 dxe5 10. Qxd8+ Nxd8 11. Nc3 c6 12. Bxf6 gxf6 13. Rxf6 Ke7 14. Raf1 Rf8 15. Rh6 Rh8 16. Rh5 b5 17. Bb3 f6 18. Rh6 a5 19. a4 b4 20. Nd1 Rf8 21. Rxh7+ Kd6 22. Rh6 Ke7 23. Ne3 Bd7 24. Rh7+ Nf7 25. g4 Be6 26. Nf5+ Bxf5 27. Rxf5 Rad8 28. g5 Rd1+ 29. Kg2 Rd2+ 30. Kg3 Ke8 31. g6 Ng5 32. Rxg5 1-0

[Event "China zt 3.5 (Women)"]
[Site "Shenzhen"]
[Date "2023.04.10"]
[Round "6"]
[White "Chen, Yining"]
[Black "Wang, Chuqiao"]
[Result "0-1"]
[WhiteElo "1874"]
[BlackElo "2022"]
[PlyCount "150"]
[EventDate "2023.04.05"]
[EventType "swiss"]
[EventRounds "9"]
[EventCountry "CHN"]
[SourceTitle "CBM 213 Extra"]
[Source "ChessBase"]
[SourceDate "2023.05.31"]
[SourceVersion "1"]
[SourceVersionDate "2023.05.31"]
[SourceQuality "1"]

1. d4 d5 2. c4 e6 3. Nf3 Nf6 4. Nc3 c6 5. Bg5 h6 6. Bxf6 Qxf6 7. e3 g6 8. Bd3 Bg7 9. 0-0 0-0 10. Ne5 Nd7 11. Nxd7 Bxd7 12. Qe2 Rad8 13. Rfd1 Rfe8 14. Qc2 Bc8 15. Rac1 e5 16. dxe5 Qxe5 17. cxd5 cxd5 18. Bb5 Rf8 19. Rd2 d4 20. exd4 Rxd4 21. Rxd4 Qxd4 22. Qd3 Qxd3 23. Bxd3 Be6 24. Kf1 Rc8 25. a3 h5 26. h3 Bh6 27. Rb1 Bb3 28. Ke2 Re8+ 29. Kf1 Rd8 30. Ke2 Bc2 31. Bxc2 Rd2+ 32. Kf3 Rxc2 33. Nd1 Rd2 34. Nc3 b6 35. a4 Kf8 36. Nb5 a6 37. Nc7 a5 38. Nb5 Ke7 39. Nc3 f5 40. Nb5 g5 41. Re1+ Kf6 42. g4 fxg4+ 43. hxg4 hxg4+ 44. Kg3 Bf8 45. Nc3 Kf5 46. Re8 Bd6+ 47. Kg2 Rxb2 48. Nd1 Ra2 49. Ne3+ Kf6 50. Nxg4+ Kf7 51. Re4 Bb4 52. Ne5+ Kf6 53. Nd7+ Kf5 54. Re5+ Kf4 55. Re8 Kg4 56. Re4+ Kh5 57. Nxb6 Bc5 58. Nd7 Bxf2 59. Kf3 Bh4 60. Nf6+ Kg6 61. Ng4 Ra3+ 62. Ne3 Kh5 63. Kg2 Ra2+ 64. Kh3 Rf2 65. Ng2 Rf3+ 66. Kh2 Bg3+ 67. Kg1 Ra3 68. Ne3 Bf4 69. Nd5 Kg4 70. Rc4 Kf3 71. Rc3+ Rxc3 72. Nxc3 Be3+ 73. Kf1 g4 74. Nd1 Bd4 75. Nf2 g3 0-1

[Event "China zt 3.5 (Women)"]
[Site "Shenzhen"]
[Date "2023.04.06"]
[Round "2"]
[White "Wang, Shanshan"]
[Black "Chen, Yining"]
[Result "1-0"]
[WhiteElo "2043"]
[BlackElo "1874"]
[PlyCount "123"]
[EventDate "2023.04.05"]
[EventType "swiss"]
[EventRounds "9"]
[EventCountry "CHN"]
[SourceTitle "CBM 213 Extra"]
[Source "ChessBase"]
[SourceDate "2023.05.31"]
[SourceVersion "1"]
[SourceVersionDate "2023.05.31"]
[SourceQuality "1"]

1. e4 e5 2. Nf3 Nc6 3. d4 exd4 4. Nxd4 Bc5 5. Be3 Qf6 6. c3 Nge7 7. Bc4 b6 8. 0-0 Bb7 9. f4 0-0-0 10. e5 Qh6 11. Qe2 Bxd4 12. cxd4 Nf5 13. Rd1 d5 14. Ba6 f6 15. Qg4 Qg6 16. Be2 Kb8 17. Qxg6 hxg6 18. Bf2 g5 19. exf6 gxf6 20. fxg5 fxg5 21. Nc3 Na5 22. Bd3 Rhf8 23. Rac1 Nc4 24. Bxf5 Rxf5 25. b3 Nd6 26. Bg3 Rf7 27. Re1 Ne4 28. Be5 a6 29. Nxe4 dxe4 30. Rf1 Rdd7 31. Rc3 Bd5 32. Rg3 Rxf1+ 33. Kxf1 Rf7+ 34. Ke2 Rf5 35. Rh3 e3 36. Kxe3 Bxg2 37. Rh7 Bb7 38. Bxc7+ Ka7 39. Rh6 b5 40. Rg6 Rf3+ 41. Ke2 Rc3 42. Bb6+ Kb8 43. Rxg5 Rc2+ 44. Kd3 Rxh2 45. d5 Bc8 46. Rg7 Rxa2 47. b4 Ra1 48. Kd4 Rc1 49. Ke5 Bh3 50. Ba7+ Kc8 51. Kd6 Bf5 52. Bc5 Re1 53. Kc6 Re8 54. Ra7 Kb8 55. Rf7 Bg6 56. Rg7 Be4 57. Bd6+ Kc8 58. Ra7 Bxd5+ 59. Kxd5 Re2 60. Kc6 Rc2+ 61. Bc5 Kb8 62. Re7 1-0

[Event "China zt 3.5 (Women)"]
[Site "Shenzhen"]
[Date "2023.04.05"]
[Round "1"]
[White "Chen, Yining"]
[Black "Yan, Tianqi"]
[Result "0-1"]
[WhiteElo "1874"]
[BlackElo "2178"]
[PlyCount "82"]
[EventDate "2023.04.05"]
[EventType "swiss"]
[EventRounds "9"]
[EventCountry "CHN"]
[SourceTitle "CBM 213 Extra"]
[Source "ChessBase"]
[SourceDate "2023.05.31"]
[SourceVersion "1"]
[SourceVersionDate "2023.05.31"]
[SourceQuality "1"]

1. d4 Nf6 2. c4 e6 3. Nf3 d5 4. Bg5 dxc4 5. Qa4+ Nbd7 6. e3 Be7 7. Bxc4 a6 8. Qc2 b5 9. Be2 Bb7 10. 0-0 Rc8 11. Rd1 c5 12. Bxf6 Bxf6 13. Qd2 0-0 14. a4 Bxf3 15. Bxf3 cxd4 16. exd4 Rc4 17. d5 Rd4 18. Qe2 Ne5 19. axb5 Rxd1+ 20. Qxd1 Nxf3+ 21. Qxf3 axb5 22. Nc3 b4 23. Ne4 Bxb2 24. Rd1 exd5 25. Qb3 dxe4 26. Rxd8 Rxd8 27. g4 Bc3 28. Qc4 h6 29. Kg2 g6 30. h4 Rd4 31. Qc8+ Kg7 32. h5 g5 33. Qf5 Rd2 34. Qxe4 Bd4 35. Qb7 Rxf2+ 36. Kg3 Rb2 37. Kf3 b3 38. Ke4 Bf6 39. Qb6 Rb1 40. Kf5 Rf1+ 41. Ke4 b2 0-1

[Event "CHN-chT (Women)"]
[Site "Nanjing"]
[Date "2023.02.18"]
[Round "5.1"]
[White "Chen, Yining"]
[Black "Chu, Ruotong"]
[Result "0-1"]
[WhiteElo "1871"]
[BlackElo "2217"]
[PlyCount "64"]
[EventDate "2023.02.14"]
[EventType "team-swiss"]
[EventRounds "9"]
[EventCountry "CHN"]
[SourceTitle "CBM 212 Extra"]
[Source "ChessBase"]
[SourceDate "2023.03.31"]
[SourceVersion "1"]
[SourceVersionDate "2023.03.31"]
[SourceQuality "1"]
[WhiteTeam "Wuxi (W)"]
[BlackTeam "Chengdu (W)"]
[WhiteTeamCountry "CHN"]
[BlackTeamCountry "CHN"]

1. d4 d5 2. c4 dxc4 3. Nf3 Nf6 4. e3 e6 5. Bxc4 a6 6. 0-0 Be7 7. a4 0-0 8. Nbd2 c5 9. dxc5 Bxc5 10. Nb3 Bd6 11. Qe2 Qe7 12. e4 e5 13. Bg5 h6 14. Bxf6 Qxf6 15. Rfd1 Nc6 16. Rac1 Rd8 17. Ne1 Ne7 18. Nc2 Bd7 19. a5 Bc6 20. f3 Ba4 21. Ne3 Bxb3 22. Bxb3 Nc6 23. Bd5 Bb4 24. Qc4 Bxa5 25. Bxc6 Bb6 26. Qb3 Rxd1+ 27. Rxd1 Qxc6 28. Kf2 Rc8 29. Ke2 Bxe3 30. Kxe3 Qc5+ 31. Kd3 Qf2 32. Qd5 Rc2 0-1

[Event "CHN-chT (Women)"]
[Site "Nanjing"]
[Date "2023.02.17"]
[Round "4.1"]
[White "Chen, Yining"]
[Black "Zheng, Xiner"]
[Result "1/2-1/2"]
[WhiteElo "1871"]
[BlackElo "1643"]
[PlyCount "93"]
[EventDate "2023.02.14"]
[EventType "team-swiss"]
[EventRounds "9"]
[EventCountry "CHN"]
[SourceTitle "CBM 212 Extra"]
[Source "ChessBase"]
[SourceDate "2023.03.31"]
[SourceVersion "1"]
[SourceVersionDate "2023.03.31"]
[SourceQuality "1"]
[WhiteTeam "Wuxi (W)"]
[BlackTeam "Zhejiang (W)"]
[WhiteTeamCountry "CHN"]
[BlackTeamCountry "CHN"]

1. d4 Nf6 2. c4 g6 3. Nc3 Bg7 4. e4 d6 5. f3 0-0 6. Be3 Nbd7 7. Qd2 c5 8. d5 Ne5 9. 0-0-0 a6 10. g4 Bd7 11. h3 b5 12. f4 b4 13. Nb1 Nexg4 14. hxg4 Bxg4 15. Be2 Nxe4 16. Qc2 Bf5 17. Bd3 Ng3 18. Rh2 Bg4 19. Ne2 Nf5 20. Bf2 Qa5 21. b3 e5 22. Rg1 Bxe2 23. Bxf5 Bf3 24. Rg3 e4 25. Bg4 Bxg4 26. Rxg4 f5 27. Rgh4 Ra7 28. Be3 Bf6 29. R4h3 Rg7 30. Rg2 Qd8 31. Qf2 Rff7 32. Qg1 Qc7 33. Rhh2 Re7 34. Rh3 Ref7 35. Qf2 Re7 36. Rh1 Ref7 37. Nd2 Bc3 38. Nb1 Bf6 39. Kd1 Qa5 40. Qc2 Re7 41. Ke2 Qd8 42. Kd1 Qa5 43. Qd2 Qb6 44. Qc2 Qa5 45. Nd2 Qd8 46. Nf1 Ref7 47. Kc1 1/2-1/2

[Event "CHN-chT Div A"]
[Site "Liaocheng"]
[Date "2023.02.09"]
[Round "4.2"]
[White "Liu, Manli"]
[Black "Chen, Yining"]
[Result "1/2-1/2"]
[WhiteElo "2192"]
[BlackElo "1871"]
[PlyCount "64"]
[EventDate "2023.02.06"]
[EventType "team-tourn"]
[EventRounds "6"]
[EventCountry "CHN"]
[SourceTitle "CBM 212 Extra"]
[Source "ChessBase"]
[SourceDate "2023.03.31"]
[SourceVersion "1"]
[SourceVersionDate "2023.03.31"]
[SourceQuality "1"]
[WhiteTeam "Shandong"]
[BlackTeam "Hangzhou Zhenjiang"]
[WhiteTeamCountry "CHN"]
[BlackTeamCountry "CHN"]

1. e4 e5 2. Nf3 Nc6 3. Bb5 Nf6 4. d3 d6 5. d4 Bd7 6. d5 Ne7 7. Bd3 g6 8. h3 Bg7 9. c4 c6 10. Nc3 cxd5 11. cxd5 0-0 12. 0-0 b5 13. a3 Nc8 14. Qe2 a6 15. b4 Nb6 16. Be3 Nh5 17. Rac1 Rc8 18. Nb1 Nf4 19. Bxf4 exf4 20. Rxc8 Qxc8 21. Qd2 f5 22. Qxf4 fxe4 23. Qxe4 Bf5 24. Qe2 Nxd5 25. Bxf5 Qxf5 26. Nbd2 Nf4 27. Qe7 Qf6 28. Re1 Qxe7 29. Rxe7 Rf7 30. Re8+ Rf8 31. Re7 Rf7 32. Re8+ Rf8 1/2-1/2

[Event "CHN-chT Div A"]
[Site "Liaocheng"]
[Date "2023.02.08"]
[Round "3.2"]
[White "Ren, Xiaoyi"]
[Black "Chen, Yining"]
[Result "1-0"]
[WhiteElo "2195"]
[BlackElo "1871"]
[PlyCount "91"]
[EventDate "2023.02.06"]
[EventType "team-tourn"]
[EventRounds "6"]
[EventCountry "CHN"]
[SourceTitle "CBM 212 Extra"]
[Source "ChessBase"]
[SourceDate "2023.03.31"]
[SourceVersion "1"]
[SourceVersionDate "2023.03.31"]
[SourceQuality "1"]
[WhiteTeam "Chengdu Beilei"]
[BlackTeam "Hangzhou Zhenjiang"]
[WhiteTeamCountry "CHN"]
[BlackTeamCountry "CHN"]

1. d4 Nf6 2. Nf3 e6 3. c4 Bb4+ 4. Nbd2 0-0 5. a3 Bxd2+ 6. Bxd2 Ne4 7. e3 b6 8. Bb4 d6 9. Nd2 Nxd2 10. Qxd2 Bb7 11. f3 Nd7 12. Bd3 Qh4+ 13. Qf2 Qxf2+ 14. Kxf2 f5 15. a4 a5 16. Ba3 e5 17. c5 bxc5 18. dxc5 Ba6 19. Bxa6 Rxa6 20. cxd6 cxd6 21. Rhd1 Rb8 22. Rac1 Kf7 23. Rc7 Ke6 24. e4 fxe4 25. fxe4 h5 26. Ke3 g6 27. h3 Rbb6 28. Rd3 Rc6 29. Rxc6 Rxc6 30. b4 axb4 31. Bxb4 Rb6 32. Bd2 Nc5 33. Ra3 Na6 34. a5 Rb1 35. Ke2 Rb2 36. g4 hxg4 37. hxg4 Rb1 38. g5 Rb2 39. Kd1 Rb8 40. Rf3 Nc5 41. Rf6+ Ke7 42. Rxg6 Nxe4 43. a6 Nxd2 44. a7 Rb1+ 45. Kxd2 Ra1 46. Rg8 1-0